[Event "Wch Disabilities 5th"]
[Site "Lublin"]
[Date "2023.08.22"]
[Round "4"]
[White "Madrawski, Krzysztof"]
[Black "Debowska, Teresa"]
[Result "1-0"]
[WhiteElo "2010"]
[BlackElo "1712"]
[PlyCount "75"]
[EventDate "2023.08.19"]
[EventType "swiss"]
[EventRounds "9"]
[EventCountry "POL"]
[SourceTitle "CBM 215 Extra"]
[Source "ChessBase"]
[SourceDate "2023.09.30"]
[SourceVersion "1"]
[SourceVersionDate "2023.09.30"]
[SourceQuality "1"]

1. d4 c5 2. d5 e5 3. e4 d6 4. c4 g6 5. Bd3 Bg7 6. h3 Ne7 7. g4 Bd7 8. Nc3 Qc7 9. Nge2 b5 10. Nxb5 Bxb5 11. cxb5 c4 12. Bc2 Nd7 13. Nc3 Nc8 14. a4 a6 15. Be3 Nc5 16. h4 a5 17. h5 Nb6 18. hxg6 fxg6 19. g5 0-0-0 20. Qe2 Kb7 21. 0-0-0 Rdf8 22. Rh2 Rf7 23. Rdh1 Bf8 24. Kb1 Be7 25. Rh6 Bf8 26. Rxg6 Bg7 27. Re6 Nc8 28. Qxc4 Nxe6 29. Qc6+ Qxc6 30. bxc6+ Ka8 31. dxe6 Rff8 32. Nd5 Rfg8 33. Bb3 Kb8 34. Bc4 Re8 35. Rc1 Rxe6 36. Rc3 Re7 37. Rb3+ Ka8 38. Ba6 1-0

[Event "Wch Disabilities 5th"]
[Site "Lublin"]
[Date "2023.08.21"]
[Round "3"]
[White "Debowska, Teresa"]
[Black "Racis, Michal"]
[Result "1-0"]
[WhiteElo "1712"]
[BlackElo "1963"]
[PlyCount "99"]
[EventDate "2023.08.19"]
[EventType "swiss"]
[EventRounds "9"]
[EventCountry "POL"]
[SourceTitle "CBM 215 Extra"]
[Source "ChessBase"]
[SourceDate "2023.09.30"]
[SourceVersion "1"]
[SourceVersionDate "2023.09.30"]
[SourceQuality "1"]

1. e4 c5 2. Nf3 d6 3. d4 cxd4 4. Qxd4 Nc6 5. Qe3 Nf6 6. Be2 g6 7. h3 Bg7 8. 0-0 0-0 9. Rd1 Nd7 10. a3 a6 11. Nc3 b5 12. Rb1 Bb7 13. Nd5 Rc8 14. c4 bxc4 15. Bxc4 Na5 16. Ba2 Nc4 17. Qe2 Ndb6 18. Nxb6 Nxb6 19. Be3 Nd7 20. Bd4 Qa5 21. Bxg7 Kxg7 22. Bd5 Rc7 23. Bxb7 Rxb7 24. Qc4 Rc7 25. Qd4+ Kg8 26. Qe3 Ne5 27. Nxe5 Qxe5 28. Rd5 Qe6 29. Ra5 Rc6 30. Qd3 Rb8 31. Rd5 Qc8 32. Qd1 Rc4 33. Rd4 Rxd4 34. Qxd4 Qc2 35. Rf1 Rxb2 36. Qa7 Qxe4 37. Qxa6 d5 38. Qc8+ Kg7 39. Qc3+ e5 40. Qxb2 d4 41. Qd2 Qd5 42. a4 e4 43. Rd1 d3 44. Qc3+ Kh6 45. a5 f5 46. Qd2+ g5 47. Rb1 f4 48. Rb6+ Kg7 49. Qc3+ Kf8 50. Qf6+ 1-0

[Event "Olympiad Women-43"]
[Site "Batumi"]
[Date "2018.09.30"]
[Round "6.32"]
[White "Wang, Mi"]
[Black "Debowska, Teresa"]
[Result "1-0"]
[WhiteElo "1585"]
[BlackElo "1799"]
[PlyCount "151"]
[EventDate "2018.09.24"]
[EventType "team-swiss"]
[EventRounds "11"]
[EventCountry "GEO"]
[SourceTitle "EXT 2020"]
[Source "ChessBase"]
[SourceDate "2019.10.17"]
[SourceVersion "1"]
[SourceVersionDate "2019.10.17"]
[SourceQuality "1"]
[WhiteTeam "Chinese Taipei (W)"]
[BlackTeam "IBCA (W)"]
[WhiteTeamCountry "TPE"]

1. e4 c5 2. Nf3 Nc6 3. d4 cxd4 4. Nxd4 g6 5. f4 Bg7 6. Nf3 d6 7. Bd3 Qb6 8. c3 Nf6 9. Qe2 0-0 10. Be3 Qc7 11. 0-0 Ng4 12. Kh1 Nxe3 13. Qxe3 Bh6 14. Ng5 Bg7 15. Nd2 h6 16. Nh3 a6 17. a4 Rb8 18. Nb3 Na5 19. Nd4 Nc4 20. Qe2 e5 21. fxe5 Nxe5 22. Nf4 Bg4 23. Qe3 Qd8 24. h3 Bd7 25. Be2 Qh4 26. Qf2 Qg5 27. Nd5 Be6 28. Nf6+ Kh8 29. Rad1 Rbd8 30. h4 Qxf6 31. Qxf6 Bxf6 32. Rxf6 Bg4 33. Nf3 Be6 34. Nxe5 dxe5 35. Rff1 Bb3 36. Rxd8 Rxd8 37. Rf6 Be6 38. b4 Rd2 39. Bf1 Kg7 40. Rf3 Rd1 41. Kh2 Re1 42. Bd3 Bg4 43. Rg3 Be6 44. a5 h5 45. Rf3 Bg4 46. Rf1 Re3 47. Bc4 f6 48. Bd5 Rxc3 49. Bxb7 Be2 50. Re1 Rc2 51. Rb1 Bb5 52. Rd1 Rc7 53. Bd5 Kf8 54. Rd2 Ke7 55. Rf2 Rc3 56. Rf3 Rc2 57. Rg3 Be8 58. Bb7 Rc4 59. Bxa6 Rxb4 60. Ra3 Bc6 61. Bd3 g5 62. hxg5 fxg5 63. a6 Rb8 64. Kg3 Rf8 65. Ra5 Kd6 66. Be2 h4+ 67. Kg4 Rg8 68. Bc4 Bd7+ 69. Kh5 Be8+ 70. Kh6 Rg6+ 71. Kh7 Rf6 72. a7 Bc6 73. Bd5 Bxd5 74. Rxd5+ Ke7 75. a8Q Rf7+ 76. Kg6 1-0

[Event "Olympiad Women-43"]
[Site "Batumi"]
[Date "2018.09.28"]
[Round "5.32"]
[White "Debowska, Teresa"]
[Black "Nepando, Jolly"]
[Result "1-0"]
[WhiteElo "1799"]
[BlackElo "1479"]
[PlyCount "83"]
[EventDate "2018.09.24"]
[EventType "team-swiss"]
[EventRounds "11"]
[EventCountry "GEO"]
[SourceTitle "EXT 2020"]
[Source "ChessBase"]
[SourceDate "2019.10.17"]
[SourceVersion "1"]
[SourceVersionDate "2019.10.17"]
[SourceQuality "1"]
[WhiteTeam "IBCA (W)"]
[BlackTeam "Namibia (W)"]
[BlackTeamCountry "NAM"]

1. f4 d5 2. Nf3 Nc6 3. g3 g6 4. Bg2 Bg7 5. 0-0 Nf6 6. d3 0-0 7. c3 Re8 8. Qc2 e6 9. e4 e5 10. Nxe5 dxe4 11. Nxc6 bxc6 12. dxe4 Bb7 13. e5 Nd5 14. a3 f6 15. c4 Nb6 16. Be3 fxe5 17. f5 gxf5 18. Rxf5 Nd7 19. Nc3 Rf8 20. Rd1 Qe7 21. b4 Qe6 22. Rh5 Nf6 23. Rh4 h6 24. Bh3 Qf7 25. Bxh6 Bxh6 26. Rxh6 Bc8 27. Bxc8 Raxc8 28. Qf5 Rce8 29. Qg5+ Qg7 30. Rg6 Qxg6 31. Qxg6+ Kh8 32. Rf1 Nh7 33. Rxf8+ Rxf8 34. Ne4 c5 35. Nxc5 Rf6 36. Qe8+ Nf8 37. Qxe5 Kg7 38. Qxc7+ Rf7 39. Qe5+ Kg8 40. Ne6 Ng6 41. Qh5 Ne7 42. Ng5 1-0

[Event "IBCA Wch Blind and Visually imp (Women)"]
[Site "Solec Zdroj"]
[Date "2018.08.14"]
[Round "9.2"]
[White "Zarubinskaya, Irina"]
[Black "Debowska, Teresa"]
[Result "0-1"]
[WhiteElo "1818"]
[BlackElo "1760"]
[PlyCount "96"]
[EventDate "2018.08.14"]
[EventType "swiss"]
[EventRounds "9"]
[EventCountry "POL"]
[SourceTitle "EXT 2024"]
[Source "ChessBase"]
[SourceDate "2023.10.10"]
[SourceVersion "1"]
[SourceVersionDate "2023.10.10"]
[SourceQuality "1"]

1. e4 d5 2. exd5 Qxd5 3. Nc3 Qd6 4. d4 Nf6 5. h3 a6 6. Nf3 g6 7. Bd3 Bg7 8. 0-0 0-0 9. Be3 Nc6 10. a3 Rb8 11. Qd2 b5 12. Ne4 Nxe4 13. Bxe4 Rd8 14. c3 f5 15. Bxc6 Qxc6 16. Bh6 Bf6 17. Rfe1 Bb7 18. Qe3 Kf7 19. Ng5+ Bxg5 20. Qxg5 Qf6 21. Re5 Qxg5 22. Bxg5 Rd7 23. Rae1 Re8 24. f3 e6 25. Kf2 Bd5 26. b4 Kg7 27. Bf4 h6 28. h4 Kh7 29. Bc1 Rg8 30. f4 Rd6 31. Bd2 Kg7 32. Kg3 Kf6 33. Kf2 Rc6 34. Rc1 Ra8 35. Ree1 Bc4 36. Ra1 a5 37. Kf3 Rca6 38. g4 axb4 39. g5+ Kg7 40. cxb4 Rxa3+ 41. Rxa3 Rxa3+ 42. Re3 Ra2 43. Bc3 Bd5+ 44. Kg3 Rg2+ 45. Kh3 Rg4 46. gxh6+ Kxh6 47. Rg3 Kh5 48. Bd2 Rxh4# 0-1

[Event "Baltic Cup-B 2nd"]
[Site "Darlowko"]
[Date "2018.07.01"]
[Round "7"]
[White "Debowska, Teresa"]
[Black "Bartoszewski Reiski, Olaf"]
[Result "1/2-1/2"]
[WhiteElo "1820"]
[BlackElo "1668"]
[PlyCount "82"]
[EventDate "2018.06.24"]
[EventType "swiss"]
[EventRounds "9"]
[EventCountry "POL"]
[SourceTitle "CBM 187 Extra"]
[Source "ChessBase"]
[SourceDate "2018.11.04"]
[SourceVersion "1"]
[SourceVersionDate "2018.11.04"]
[SourceQuality "1"]

1. e4 c5 2. Nf3 Nc6 3. d4 cxd4 4. Nxd4 g6 5. c4 Nf6 6. Nc3 Nxd4 7. Qxd4 d6 8. Be3 Bg7 9. Be2 0-0 10. Qd2 Be6 11. 0-0 Qa5 12. Rab1 Rfc8 13. b3 a6 14. Rfc1 Qb4 15. a3 Qa5 16. b4 Qd8 17. Nd5 Nxe4 18. Qd3 Bxd5 19. Qxd5 Nc3 20. Rxc3 Bxc3 21. Qxb7 Qc7 22. Qe4 Rab8 23. Qd3 Bg7 24. a4 e6 25. a5 d5 26. cxd5 exd5 27. Qxd5 Qc2 28. Bd3 Qc3 29. Bb6 Bf8 30. g3 Bxb4 31. Bxa6 Rf8 32. Bb7 Rbe8 33. a6 Qa3 34. a7 Be7 35. Re1 Qc3 36. Re3 Qb4 37. a8Q Rxa8 38. Bxa8 Qxb6 39. Rxe7 Qf6 40. Rd7 Qa1+ 41. Kg2 Qxa8 1/2-1/2

[Event "POL-ch blind"]
[Site "Wagrowiec"]
[Date "2016.06.04"]
[Round "9"]
[White "Debowska, Teresa"]
[Black "Mackowiak, Marek"]
[Result "0-1"]
[WhiteElo "1820"]
[BlackElo "2138"]
[PlyCount "132"]
[EventDate "2016.05.28"]
[EventType "tourn"]
[EventRounds "11"]
[EventCountry "POL"]
[SourceTitle "EXT 2018"]
[Source "ChessBase"]
[SourceDate "2017.10.13"]
[SourceVersion "1"]
[SourceVersionDate "2017.10.13"]
[SourceQuality "1"]

1. Nf3 c5 2. d3 d5 3. Nbd2 Nf6 4. e4 dxe4 5. dxe4 Nc6 6. c3 g6 7. g3 Bg7 8. Bg2 0-0 9. 0-0 Qc7 10. Qc2 b6 11. Re1 Bb7 12. Nf1 Rad8 13. e5 Nd5 14. e6 f5 15. Ne3 Ne5 16. Nxd5 Nxf3+ 17. Bxf3 Bxd5 18. Bf4 Qc6 19. Bxd5 Rxd5 20. Rad1 Rfd8 21. Rxd5 Rxd5 22. Bg5 Bf8 23. h4 h6 24. Bf4 c4 25. Qe2 Kh7 26. Qf3 Bg7 27. Kg2 Rc5 28. Qxc6 Rxc6 29. Kf3 Bf6 30. Bb8 a6 31. Kf4 Rc5 32. Ba7 g5+ 33. hxg5 hxg5+ 34. Kf3 g4+ 35. Kg2 Rc6 36. Bb8 Kg6 37. Bf4 Bg5 38. Bb8 b5 39. Ba7 Rd6 40. Bd4 Bf6 41. Bc5 Rd3 42. Re2 Bg5 43. a3 Rd5 44. Bd4 Bf6 45. Bb6 Re5 46. Re3 Rxe3 47. Bxe3 Be5 48. f3 gxf3+ 49. Kxf3 Kf6 50. g4 Kxe6 51. gxf5+ Kxf5 52. Bd2 Bf6 53. Be3 e5 54. Bd2 Bg5 55. Bxg5 Kxg5 56. Ke4 Kf6 57. a4 Ke6 58. axb5 axb5 59. Ke3 Kf5 60. Kf3 e4+ 61. Ke3 Ke5 62. Kf2 Kf4 63. Ke2 e3 64. Ke1 Kf3 65. b4 cxb3 66. c4 b2 0-1

[Event "IBCA Wch blind (Women)"]
[Site "Belgrade"]
[Date "2013.08.28"]
[Round "6"]
[White "Debowska, Teresa"]
[Black "Valner, Shafiga"]
[Result "1-0"]
[WhiteElo "1754"]
[BlackElo "1872"]
[PlyCount "135"]
[EventDate "2013.08.22"]
[EventType "swiss"]
[EventRounds "9"]
[EventCountry "SRB"]
[SourceTitle "EXT 2015"]
[Source "ChessBase"]
[SourceDate "2014.11.20"]
[SourceVersion "1"]
[SourceVersionDate "2014.11.20"]
[SourceQuality "1"]

1. Nf3 d5 2. g3 Nf6 3. Bg2 c6 4. 0-0 Nbd7 5. d3 e5 6. Nbd2 Bd6 7. e4 0-0 8. Qe2 Re8 9. h3 Bc7 10. Rd1 Qe7 11. Nf1 dxe4 12. dxe4 Nc5 13. Nh4 Be6 14. Nf5 Qf8 15. g4 Nfd7 16. N1g3 Red8 17. b3 Qe8 18. Be3 Bb6 19. Nd6 Qe7 20. Ngf5 Bxf5 21. Nxf5 Qf8 22. Bg5 Nf6 23. Nh6+ Kh8 24. Qc4 Ne6 25. Bxf6 gxf6 26. Nf5 Qc5 27. Qxc5 Bxc5 28. c3 b6 29. b4 Bf8 30. Bf1 Rab8 31. Kg2 c5 32. a3 Kg8 33. Kf3 Ng5+ 34. Ke3 Ne6 35. f3 Nf4 36. h4 Ne6 37. Bb5 Nf4 38. Be2 Ng2+ 39. Kf2 Nf4 40. Bf1 Ne6 41. Ne3 Kg7 42. b5 Nf4 43. Bc4 Nh3+ 44. Ke1 Nf4 45. Bd5 Kg8 46. Ra2 Nxd5 47. exd5 Rb7 48. c4 Rbd7 49. Ke2 Bh6 50. Nf5 Bf4 51. Kd3 Kf8 52. Ke4 Kg8 53. h5 Kf8 54. a4 Bg5 55. a5 Rb8 56. axb6 axb6 57. Rda1 Bf4 58. Ra7 Rdd8 59. R1a6 Bd2 60. d6 Ke8 61. Kd5 Ba5 62. Re7+ Kf8 63. Raa7 Re8 64. Rxf7+ Kg8 65. Rg7+ Kh8 66. Rxh7+ Kg8 67. Nh6+ Kf8 68. Raf7# 1-0

[Event "Warsaw YMCA Winter 118th"]
[Site "Warsaw"]
[Date "2013.02.27"]
[Round "8"]
[White "Debowska, Teresa"]
[Black "Sawicki, Wojciech"]
[Result "0-1"]
[WhiteElo "1790"]
[BlackElo "1784"]
[PlyCount "118"]
[EventDate "2013.01.07"]
[EventType "tourn"]
[EventRounds "13"]
[EventCountry "POL"]
[SourceTitle "EXT 2014"]
[Source "ChessBase"]
[SourceDate "2013.11.20"]
[SourceVersion "1"]
[SourceVersionDate "2013.11.20"]
[SourceQuality "1"]

1. g3 Nf6 2. Bg2 g6 3. d3 Bg7 4. e4 d6 5. f4 c5 6. Nf3 Nc6 7. 0-0 0-0 8. Nc3 Nh5 9. f5 gxf5 10. Nh4 Bd4+ 11. Kh1 Ng7 12. Nxf5 Bxf5 13. exf5 e6 14. f6 Bxf6 15. Rxf6 Qxf6 16. Ne4 Qe7 17. Qg4 f5 18. Qh3 fxe4 19. Bxe4 Nf5 20. c4 Rad8 21. Bd2 d5 22. cxd5 exd5 23. Bxf5 Nd4 24. Bg5 Qf7 25. Bxd8 Qxf5 26. Qxf5 Nxf5 27. Bg5 Nd4 28. Be7 Rc8 29. Rc1 b6 30. b3 Nc6 31. Bf6 Rf8 32. Bg5 Rf2 33. a3 Ne5 34. Kg1 Rb2 35. Bf4 Nf3+ 36. Kf1 Nxh2+ 37. Ke1 Nf3+ 38. Kd1 Rxb3 39. Ke2 Nd4+ 40. Ke3 Rxa3 41. Be5 Nc6 42. Bd6 Nb4 43. Rd1 Nc2+ 44. Kf4 Nb4 45. d4 Rd3 46. Rf1 Rxd4+ 47. Kg5 Re4 48. Rf6 Re8 49. Rh6 d4 50. Kf6 Nd5+ 51. Kg5 d3 52. Rh1 Ne3 53. Rh2 Nc4 54. Bf4 Re2 55. Rh1 d2 56. Kf6 Re1 57. Rh5 d1Q 58. Rg5+ Kf8 59. Rf5 Qd8# 0-1

[Event "Warsaw YMCA Winter 118th"]
[Site "Warsaw"]
[Date "2013.02.11"]
[Round "6"]
[White "Debowska, Teresa"]
[Black "Kowalczyk, Waldemar"]
[Result "0-1"]
[WhiteElo "1790"]
[BlackElo "1738"]
[PlyCount "150"]
[EventDate "2013.01.07"]
[EventType "tourn"]
[EventRounds "13"]
[EventCountry "POL"]
[SourceTitle "EXT 2014"]
[Source "ChessBase"]
[SourceDate "2013.11.20"]
[SourceVersion "1"]
[SourceVersionDate "2013.11.20"]
[SourceQuality "1"]

1. Nf3 Nf6 2. g3 g6 3. Bg2 Bg7 4. 0-0 0-0 5. d3 d6 6. e4 e5 7. c3 c5 8. Re1 Nc6 9. Nbd2 Qc7 10. Nf1 Bd7 11. Ne3 a6 12. h3 b5 13. Nh4 Qd8 14. Kh2 Rb8 15. Nd5 Nxd5 16. exd5 Ne7 17. Bg5 f6 18. Bd2 g5 19. Nf3 Ng6 20. Ng1 f5 21. f4 gxf4 22. gxf4 exf4 23. Nf3 Qf6 24. Qc1 Ne5 25. Nxe5 dxe5 26. Rg1 Kh8 27. Qf1 Rg8 28. Qf2 Qd6 29. Kh1 Bf6 30. Rae1 Rbe8 31. d4 cxd4 32. cxd4 e4 33. Bxf4 Qxd5 34. Rd1 Be6 35. b3 Bc8 36. Qe3 Rd8 37. Rd2 Bb7 38. Rgd1 Rc8 39. Kh2 Rg7 40. Rg1 Rcg8 41. Rc1 Rc8 42. Rc5 Qd7 43. d5 Rgg8 44. b4 Qg7 45. d6 Qd7 46. Rc7 Rxc7 47. dxc7 Qe6 48. Rc2 Be5 49. a3 Qd6 50. Qc3 Bxc3 51. Bxd6 Bf6 52. Bf4 Re8 53. Rc5 Bc8 54. Rc6 Kg7 55. Kg1 Kf7 56. Kf1 Re6 57. Rc5 Re7 58. Ke2 Bd4 59. Rd5 Bb6 60. Rd8 Bxc7 61. Rh8 Bxf4 62. Rxc8 h6 63. Rc6 Re6 64. Rc5 Kg6 65. h4 Bg3 66. h5+ Kg5 67. Bh3 Rf6 68. Rd5 Kf4 69. Bg2 Kg4 70. Rc5 Rd6 71. Rc8 Bf4 72. Rg8+ Bg5 73. Rg6 Rd2+ 74. Kf1 Kg3 75. Bxe4 fxe4 0-1

[Event "Warsaw YMCA Winter 118th"]
[Site "Warsaw"]
[Date "2013.01.21"]
[Round "3"]
[White "Szukalski, Antoni"]
[Black "Debowska, Teresa"]
[Result "1/2-1/2"]
[WhiteElo "1828"]
[BlackElo "1790"]
[PlyCount "132"]
[EventDate "2013.01.07"]
[EventType "tourn"]
[EventRounds "13"]
[EventCountry "POL"]
[SourceTitle "EXT 2014"]
[Source "ChessBase"]
[SourceDate "2013.11.20"]
[SourceVersion "1"]
[SourceVersionDate "2013.11.20"]
[SourceQuality "1"]

1. e4 d5 2. exd5 Qxd5 3. Nc3 Qa5 4. d4 Nf6 5. Nf3 Bg4 6. Be2 Ne4 7. Bd2 Nxd2 8. Qxd2 c6 9. 0-0 Nd7 10. a3 Qc7 11. Ne4 g6 12. h3 Bf5 13. Ng3 Be6 14. Ng5 Bf5 15. Nxf5 gxf5 16. Bh5 0-0-0 17. Nxf7 Nf6 18. Bf3 Bg7 19. Nxd8 Rxd8 20. Qe3 Rxd4 21. Qe6+ Qd7 22. Qxd7+ Nxd7 23. c3 Rd2 24. Rab1 e5 25. Rfd1 Rxd1+ 26. Bxd1 e4 27. Bb3 Nf8 28. Rd1 Kc7 29. g4 fxg4 30. Re1 gxh3 31. Rxe4 Kd6 32. Kh2 b5 33. Bf7 a5 34. Kxh3 Bf6 35. f4 Kc5 36. Kg4 Kd6 37. Re3 Kc5 38. Rd3 a4 39. Kf5 Bh4 40. Ke4 Bf6 41. Kf5 Bh4 42. Ke5 Be7 43. Be8 Kc4 44. Rd2 Kc5 45. Rh2 Bd6+ 46. Kf5 Ng6 47. Bxg6 hxg6+ 48. Kg5 Kc4 49. Rf2 Kb3 50. Kf6 c5 51. Kg5 Bc7 52. Kg4 Bd6 53. Kf3 b4 54. axb4 cxb4 55. cxb4 Bxb4 56. Ke4 Bf8 57. Rg2 Bg7 58. Rxg6 Bxb2 59. Kd3 Bc3 60. Rb6+ Bb4 61. f5 a3 62. Rxb4+ Kxb4 63. Kc2 Kc5 64. f6 Kd6 65. f7 Ke7 66. f8Q+ Kxf8 1/2-1/2

[Event "Warsaw YMCA Winter 118th"]
[Site "Warsaw"]
[Date "2013.01.07"]
[Round "1"]
[White "Powalka, Michal"]
[Black "Debowska, Teresa"]
[Result "1-0"]
[WhiteElo "1764"]
[BlackElo "1790"]
[PlyCount "127"]
[EventDate "2013.01.07"]
[EventType "tourn"]
[EventRounds "13"]
[EventCountry "POL"]
[SourceTitle "EXT 2014"]
[Source "ChessBase"]
[SourceDate "2013.11.20"]
[SourceVersion "1"]
[SourceVersionDate "2013.11.20"]
[SourceQuality "1"]

1. e4 c5 2. Nf3 Nc6 3. d4 cxd4 4. Nxd4 g6 5. Nc3 Bg7 6. Be3 Nf6 7. Bc4 0-0 8. Bb3 a5 9. a4 d6 10. h3 Bd7 11. 0-0 Rc8 12. f4 Nb4 13. Qe2 Na6 14. Rad1 Nc5 15. e5 Ne8 16. Bf2 Nxb3 17. cxb3 Bc6 18. Bh4 dxe5 19. fxe5 Qc7 20. Ncb5 Bxb5 21. Nxb5 Qb6+ 22. Kh1 Qc5 23. Nd4 Qxe5 24. Qxe5 Bxe5 25. Bxe7 Ng7 26. Bxf8 Kxf8 27. Nb5 Nf5 28. Rf2 Ng3+ 29. Kg1 f5 30. Rfd2 b6 31. Rd7 h5 32. Rb7 Bxb2 33. Rxb6 g5 34. Ra6 Bc1 35. Rd3 Bf4 36. Nc3 Rxc3 37. Rxc3 Ne2+ 38. Kf2 Nxc3 39. Rxa5 Ne4+ 40. Ke2 Nd6 41. Ra7 h4 42. b4 Ke8 43. b5 Nc4 44. Rg7 Kd8 45. Kd3 Nb2+ 46. Kd4 Nxa4 47. Kd5 Nc3+ 48. Kc6 Ne2 49. Rd7+ Ke8 50. b6 g4 51. b7 Bb8 52. Rh7 Ba7 53. Kd6 Bb8+ 54. Ke6 Kd8 55. Kxf5 gxh3 56. gxh3 Nd4+ 57. Kg5 Nc6 58. Kxh4 Bd6 59. Kg4 Nb8 60. Kf5 Bh2 61. h4 Nd7 62. h5 Ke8 63. h6 Be5 64. Rxd7 1-0

[Event "Olympiad Women-40"]
[Site "Istanbul"]
[Date "2012.09.01"]
[Round "5.3"]
[White "Avelar, Gabriela"]
[Black "Debowska, Teresa"]
[Result "1/2-1/2"]
[WhiteElo "1939"]
[BlackElo "1837"]
[PlyCount "144"]
[EventDate "2012.08.28"]
[EventType "team-swiss"]
[EventRounds "11"]
[EventCountry "TUR"]
[SourceTitle "CBM 150 Extra"]
[Source "ChessBase"]
[SourceDate "2012.10.19"]
[SourceVersion "1"]
[SourceVersionDate "2012.10.19"]
[SourceQuality "1"]
[WhiteTeam "El Salvador (W)"]
[BlackTeam "IBCA (W)"]
[WhiteTeamCountry "ESA"]

1. Nf3 Nf6 2. g3 g6 3. Bg2 Bg7 4. d3 d5 5. 0-0 0-0 6. Nbd2 c6 7. e4 dxe4 8. dxe4 Bg4 9. h3 Bd7 10. c3 Qc8 11. Kh2 Qc7 12. e5 Nd5 13. Qe2 Be6 14. c4 Nb6 15. b3 N8d7 16. Bb2 Rad8 17. Rae1 Nc5 18. Bd4 Ncd7 19. Qd1 Bf5 20. Qa1 Be6 21. Ne4 c5 22. Bc3 Nb8 23. Kh1 Nc6 24. Nxc5 Bc8 25. Ne4 Rd3 26. Qb1 Rfd8 27. Qb2 Bxh3 28. Bxh3 Rxf3 29. Bg2 Rfd3 30. Nc5 Rxc3 31. Qxc3 Nxe5 32. Qe3 Nc6 33. Ne4 Nd4 34. Rd1 e5 35. Nc3 a6 36. Nd5 Nxd5 37. Bxd5 b5 38. f4 Nf5 39. Qf3 exf4 40. gxf4 b4 41. Rf2 Re8 42. Rfd2 Re3 43. Qf2 Bf6 44. Rd3 Bh4 45. Qb2 Ng3+ 46. Kg1 Ne2+ 47. Kh1 Ng3+ 48. Kg1 Rxd3 49. Rxd3 Qc5+ 50. Kg2 Qe7 51. Rxg3 Bxg3 52. Kxg3 Qe3+ 53. Bf3 h5 54. Qf2 h4+ 55. Kg2 Qxf4 56. Bd5 Qg4+ 57. Kf1 Qd1+ 58. Kg2 Qg4+ 59. Kh2 Qd7 60. Qxh4 Qf5 61. Qg3 Qh5+ 62. Kg2 Qe2+ 63. Qf2 Qe7 64. Kf1 Qc7 65. Qf6 Kf8 66. Qxa6 Qf4+ 67. Ke2 Qe5+ 68. Kd3 Qc3+ 69. Ke4 Qe1+ 70. Kd4 Qf2+ 71. Ke5 Qg3+ 72. Ke4 Qe1+ 1/2-1/2